Double letter geography - Statistics

General Stats
  • This quiz has been taken 42 times
  • The average score is 21 of 42
Answer Stats
Hint Answer % Correct
Illinois
81%
Tennessee
81%
Mississippi
77%
Missouri
73%
Hawaii
69%
Minnesota
69%
Pennsylvania
69%
Russia
69%
Capital cities Accra
65%
Massachusetts
65%
Philippines
65%
Country Andorra
62%
States Connecticut
62%
Morocco
58%
Tallinn
58%
Wellington
54%
Addis Ababa
50%
Brazzaville
50%
Greece
50%
Libreville
50%
Amman
46%
Brussels
46%
Guinea Bissau
46%
Ottawa
46%
Andorra la Vella
42%
Canberra
42%
Yamoussoukro
42%
Nassau
38%
Saint Kitts and Nevis
38%
Sanaa
38%
Ulaanbaatar
38%
Valletta
38%
Bissau
35%
Seychelles
35%
Cameroon
31%
Freetown
31%
Vienna
31%
Marshall Islands
27%
Sri Jayawardenepura Kotte
27%
Basseterre
23%
Nouakchott
19%
Sierra Leone
12%
No matching quizzes found
Score Distribution
Percent of People with Each Score
Percentile by Number Answered
Your Score History
You have not taken this quiz